[Event "ch-PriFO A"]
[Site "Tolyatti RUS"]
[Date "2011.03.18"]
[Round "9.19"]
[White "Pasiev,R"]
[Black "Sidorov,A"]
[Result "1-0"]
[WhiteElo "2304"]
[BlackElo "2358"]

1.e4 c5 2.Nf3 Nc6 3.Nc3 e6 4.d4 cxd4 5.Nxd4 Qb6 6.Nb3 Nf6 7.Be3 Qc7 8.Be2 a6
9.O-O b5 10.a3 Be7 11.f4 d6 12.Bd3 Bb7 13.Qf3 Rc8 14.Qg3 g6 15.Qh3 h5 16.Kh1 Rh7
17.Rae1 Ng4 18.Bg1 b4 19.axb4 Nxb4 20.Be2 Nf6 21.Bd1 d5 22.exd5 Nbxd5 23.Nxd5 Bxd5
24.Nd4 Qb7 25.Bf3 Kf8 26.Bxd5 Nxd5 27.Qf3 Bf6 28.Re2 Kg7 29.c3 Rhh8 30.Qe4 Rc7
31.Rf3 Ne7 32.Qd3 Rd7 33.Rd2 Rhd8 34.Qc4 Rc8 35.Qa4 Rdc7 36.Nb3 Rc4 37.Qa2 Qb5
38.Nd4 Qb7 39.Re2 Nd5 40.Qa1 a5 41.Rd2 a4 42.Ne2 Qb8 43.f5 gxf5 44.Ng3 Nf4
45.Be3 Kg6 46.Qf1 Be5 47.Rff2 h4 48.Bxf4 Bxf4 49.Ne2 Bxh2 50.Nd4 Be5 51.Qd3  1-0

[Event "Schachbundesliga 2010-11"]
[Site "Emsdetten GER"]
[Date "2011.03.19"]
[Round "12"]
[White "Berndt,S"]
[Black "Mladenov,Sv"]
[Result "1/2-1/2"]
[WhiteElo "2442"]
[BlackElo "2436"]

1.e4 c5 2.Nf3 e6 3.d4 cxd4 4.Nxd4 Nc6 5.Nc3 Qc7 6.Be3 a6 7.Bd3 Nf6 8.O-O Nxd4
9.Bxd4 Bc5 10.Bxc5 Qxc5 11.Na4 Qc7 12.c4 d6 13.Rc1 Bd7 14.Nc3 O-O 15.Qd2 Rfd8
16.Rfd1 Qc5 17.a3 a5 18.Bf1 Bc6 19.Qf4 Nh5 20.Qh4 Qe5 21.Rd2 h6 22.Rcd1 Rd7
23.f3 Rf8 24.Qf2 f5 25.Qd4 Qxd4+ 26.Rxd4 fxe4 27.Nxe4 Bxe4 28.Rxe4 Kf7 29.g3 Nf6
30.Red4 Rfd8 31.Bh3 g5 32.f4 b6 33.b4 g4 34.Bg2 Ke7 35.Re1 Kf7 36.Red1 Ke7
37.Re1 Kf7 38.Red1 Ke7  1/2-1/2

[Event "Schachbundesliga 2010-11"]
[Site "Mulheim GER"]
[Date "2011.03.19"]
[Round "12"]
[White "Berelowitsch,A"]
[Black "Vallejo Pons,F"]
[Result "0-1"]
[WhiteElo "2574"]
[BlackElo "2697"]

1.e4 c5 2.Nf3 Nc6 3.d4 cxd4 4.Nxd4 e6 5.Nc3 Qc7 6.g3 a6 7.Bg2 h5 8.h3 h4
9.g4 Nge7 10.Nde2 Ng6 11.O-O b5 12.a3 Bc5 13.Kh1 Bb7 14.f4 Rd8 15.Qe1 Ba7
16.Bd2 Nce7 17.Nc1 d5 18.Nd3 dxe4 19.Bxe4 Rd4 20.Bf3 O-O 21.Qe2 Nd5 22.Nxd5 Bxd5
23.Bxd5 exd5 24.Bc3 Re4 25.Qg2 Re3 26.Rae1 Rg3 27.Qxd5 Rxh3+ 28.Kg2 Rg3+
29.Kh2 Rxg4 30.Re4 Rg3 31.Rfe1 Bb8 32.Re8 Rxd3 33.Rxf8+ Nxf8 34.Qxd3 Qxf4+
35.Kg2 Qh2+ 36.Kf1 Bg3 37.Qd4 Qh1+ 38.Ke2 Qg2+ 39.Kd3 h3  0-1

[Event "Schachbundesliga 2010-11"]
[Site "Munich GER"]
[Date "2011.03.19"]
[Round "12"]
[White "Bulski,K"]
[Black "Melamed,T"]
[Result "1/2-1/2"]
[WhiteElo "2459"]
[BlackElo "2353"]

1.e4 c5 2.Nf3 e6 3.d4 cxd4 4.Nxd4 Nc6 5.Nc3 Qc7 6.Be2 a6 7.O-O Nf6 8.Kh1 Be7
9.f4 d6 10.Be3 O-O 11.Qe1 Nxd4 12.Bxd4 b5 13.a3 Bb7 14.Qg3 Bc6 15.Rae1 Qb7
16.Bd3 b4 17.Nd1 bxa3 18.bxa3 g6 19.Nf2 Nh5 20.Qe3 f6 21.Bc4 Ng7 22.Ba2 Kh8
23.c4 e5 24.Ba1 Ne6 25.Nd3 Rae8 26.c5 Nxf4 27.Nxf4 exf4 28.Rxf4 dxc5 29.Ref1 Kg7
30.Rh4 Bd8 31.Bb1 c4 32.Bc2 Kg8 33.Rhf4 Re6 34.Qd4 Qb6 35.Qxb6 Bxb6 36.e5 Bc7
37.Rxc4 fxe5 38.Rxf8+ Kxf8 39.Be4 Rf6 40.Bf3 Bxf3 41.Rxc7 Be2 42.Rc1 Rf5
43.h3 e4 44.Kh2 Kf7 45.Kg3 Ke6 46.Bd4 Rd5 47.Be3 Bb5 48.Kf4 Rd3 49.a4 Bxa4
50.Kxe4 Rd7 51.g3 Bb5 52.Bf4 Bd3+ 53.Ke3 Bb5 54.Ke4 Bd3+ 55.Ke3 Bb5 56.Ke4 h5
57.h4 Bd3+ 58.Ke3 Bb5 59.Ke4 a5 60.Rc5 Bd3+ 61.Ke3 a4 62.Rc6+ Kd5 63.Rc1 Bf5
64.Rd1+ Kc4 65.Rxd7 Bxd7 66.Be5 Kb3 67.Kd2 Bf5 68.Bg7 a3 69.Kc1  1/2-1/2

[Event "5th Agzamov Mem"]
[Site "Tashkent UZB"]
[Date "2011.03.19"]
[Round "2"]
[White "Sukandar,I"]
[Black "Alekseev,Evgeny"]
[Result "0-1"]
[WhiteElo "2354"]
[BlackElo "2688"]

1.e4 c5 2.Nf3 Nc6 3.d4 cxd4 4.Nxd4 e6 5.Nc3 d6 6.Be2 Nf6 7.O-O Be7 8.Be3 Bd7
9.f4 Nxd4 10.Bxd4 Bc6 11.Qe1 O-O 12.Qg3 g6 13.Bd3 Nh5 14.Qf2 Nxf4 15.Qxf4 e5
16.Qf2 exd4 17.Qxd4 Qa5 18.Kh1 Qe5 19.Qxe5 dxe5 20.Bc4 Kg7 21.Bd5 Rad8 22.a3 h5
23.Rf3 Bg5 24.Raf1 f6 25.Bxc6 bxc6 26.Na4 Rd2 27.Nc5 Re8 28.Rc3 Re2 29.Rc4 h4
30.Nd3 Re6 31.a4 Rd6 32.a5 Be3 33.b3 Kh6 34.Ra1 Kg5 35.Rf1 Kh6 36.Ra1 c5
37.Rf1 Rd4 38.Rxd4 Bxd4 39.c3 Bxc3 40.Nxc5 Bxa5 41.Nd7 Bd8 42.h3 Kg7 43.Ra1 a5
44.Rd1 Be7 45.Nb6 Bc5 46.Nc4 Bb4 47.Rd7+ Kh6 48.Rd5 Rxe4 49.Nxa5 Re1+ 50.Kh2 Rb1  0-1

[Event "ch-VIE Men"]
[Site "Da Lat VIE"]
[Date "2011.03.20"]
[Round "1.1"]
[White "Cao,S"]
[Black "Ton,T"]
[Result "1-0"]
[WhiteElo "2557"]
[BlackElo "2204"]

1.e4 c5 2.Nf3 Nc6 3.Nc3 e6 4.d4 cxd4 5.Nxd4 d6 6.Bc4 Be7 7.Be3 a6 8.Qd2 Na5
9.Bb3 Nxb3 10.axb3 Nf6 11.f3 Bd7 12.O-O O-O 13.Rfd1 Qc7 14.Nde2 Bc6 15.Nf4 Kh8
16.Qf2 Rac8 17.Rd2 Rg8 18.Nd3 Rcf8 19.Bd4 Nd7 20.Nb4 f5 21.Nxc6 bxc6 22.Qe2 e5
23.Be3 a5 24.Qc4 Rc8 25.Qe6 Nf6 26.Qxf5 d5 27.Bf2 d4 28.Ne2 Bd6 29.Nc1 Rce8
30.Nd3 Rgf8 31.Qh3 c5 32.Be1 c4 33.bxc4 Qxc4 34.Rxa5 Ra8 35.b3 Qc7 36.Rxa8 Rxa8
37.Qe6 Re8 38.Qf5 Rf8 39.Re2 Ra8 40.Qe6 Re8 41.Qf5 Ra8 42.Bg3 Ra1+ 43.Kf2 Ra5
44.Qe6 h6 45.Bh4 Be7 46.b4 Rb5 47.Bxf6 gxf6 48.Qf7 Qd8 49.Re1  1-0

[Event "ch-Moscow S/F 2011"]
[Site "Moscow RUS"]
[Date "2011.03.20"]
[Round "5"]
[White "Sychev,K"]
[Black "Mozharov,M"]
[Result "0-1"]
[WhiteElo "2258"]
[BlackElo "2468"]

1.e4 c5 2.Nf3 e6 3.d4 cxd4 4.Nxd4 Nc6 5.Nc3 Qc7 6.Be3 Nf6 7.Qd2 Bb4 8.f3 Nxd4
9.Qxd4 Bxc3+ 10.Qxc3 Qxc3+ 11.bxc3 d6 12.O-O-O Ke7 13.e5 dxe5 14.Bc5+ Ke8
15.Bd6 Bd7 16.Bxe5 Bc6 17.Bc4 Rc8 18.Rd4 Nd5 19.Re1 Kf8 20.Bd6+ Kg8 21.Bb3 h5
22.c4 Nf6 23.Re2 b6 24.Kd2 Nd7 25.Ke1 Nc5 26.Rh4 f6 27.Rd4 e5 28.Rdd2 Kf7
29.f4 exf4 30.Re7+ Kg6 31.Bxc5 bxc5 32.Rxa7 Rcd8 33.Re2 Rhe8 34.Rxe8 Rxe8+
35.Kf1 Rd8 36.Rc7 Be4 37.Rxc5 Rd1+ 38.Ke2 Rg1 39.g3 f3+ 40.Kf2 Rg2+ 41.Kf1 Bf5
42.Ba4 Re2 43.Rxf5 Kxf5 44.c5 Ke5 45.Bc6 Rxh2 46.Bxf3 Rxc2 47.Bxh5 Rxa2 48.Bf3 Rc2
49.c6 Kd4 50.Kg1 Ke3 51.Bd5 Rc5 52.Bg2 f5 53.Kh2 g5 54.Kg1 f4 55.gxf4 gxf4  0-1

[Event "Angora Int 2011"]
[Site "Ankara TUR"]
[Date "2011.03.22"]
[Round "3"]
[White "Sanal,V"]
[Black "Ivanov,Jo"]
[Result "1/2-1/2"]
[WhiteElo "2200"]
[BlackElo "2465"]

1.e4 c5 2.Nf3 e6 3.d4 cxd4 4.Nxd4 Nc6 5.Nc3 Qc7 6.g3 a6 7.Bg2 d6 8.O-O Bd7
9.Nce2 Nf6 10.b3 Be7 11.c4 O-O 12.Bb2 Rac8 13.Rc1 Qb8 14.Qd2 b5 15.cxb5 axb5
16.Nxc6 Bxc6 17.e5 Nd5 18.Rxc6 Rxc6 19.Bxd5 exd5 20.Nd4 Ra6 21.Nf5 Qd8 22.exd6 Bf6
23.Bxf6 Qxf6 24.Qxd5 g6 25.Ne7+ Kg7 26.Nc6 Qc3 27.Ne5 Rxa2 28.d7 Rd2 29.d8=Q Rxd8
30.Qxf7+ Kh8 31.Qf6+ Kg8 32.Qe6+ Kg7 33.Qf7+ Kh8 34.Re1 Rd1 35.Qf6+ Kg8 36.Qf7+ Kh8
37.Qf6+ Kg8 38.Qe6+ Kg7 39.Qe7+ Kg8 40.Qf7+ Kh8 41.Rxd1 Rxd1+ 42.Kg2 Qc8
43.Qf6+ Kg8 44.Qf7+ Kh8 45.Qf6+ Kg8  1/2-1/2

[Event "ch-Moscow S/F 2011"]
[Site "Moscow RUS"]
[Date "2011.03.24"]
[Round "7"]
[White "Aldokhin,I"]
[Black "Demianjuk,A"]
[Result "1-0"]
[WhiteElo "2380"]
[BlackElo "2316"]

1.e4 c5 2.Nf3 e6 3.d4 cxd4 4.Nxd4 Nc6 5.Nc3 Qc7 6.Be3 a6 7.Qd2 Nf6 8.O-O-O Be7
9.f3 O-O 10.g4 b5 11.g5 Nh5 12.Nxc6 dxc6 13.Qf2 e5 14.h4 Be6 15.Bh3 Bxh3
16.Rxh3 a5 17.Qg1 Nf4 18.Rh2 a4 19.Ne2 a3 20.b3 Bb4 21.Nxf4 exf4 22.Bc5 Qe5
23.Bd4 Qe7 24.c3 Bd6 25.Rhd2 f6 26.gxf6 Rxf6 27.Bxf6 Qxf6 28.Kc2 Be5 29.Qc5 Rb8
30.Rd7 b4 31.Qe7 Qxe7 32.Rxe7 Bf6 33.Rc7 Bxh4 34.e5 Bd8 35.Rxc6 h5 36.Rd7 Kh7
37.c4 h4 38.Kd3 Rb6 39.Rxb6 Bxb6 40.Ke4 h3 41.Rd1 h2 42.Rh1 Bg1 43.c5  1-0

[Event "Angora Int 2011"]
[Site "Ankara TUR"]
[Date "2011.03.25"]
[Round "7"]
[White "Emiroglu,C"]
[Black "Ivanov,Jo"]
[Result "1/2-1/2"]
[WhiteElo "2181"]
[BlackElo "2465"]

1.e4 c5 2.Nf3 e6 3.d4 cxd4 4.Nxd4 Nc6 5.Nc3 Qc7 6.Be3 a6 7.Be2 Nf6 8.O-O Be7
9.f4 d6 10.Kh1 O-O 11.Qe1 Nxd4 12.Bxd4 b5 13.a3 Bb7 14.Qg3 Rad8 15.Rad1 Bc6
16.Rfe1 Rfe8 17.Bf3 a5 18.b4 axb4 19.axb4 g6 20.Qf2 Nd7 21.f5 Bf6 22.fxe6 fxe6
23.Bxf6 Nxf6 24.e5 Bxf3 25.Qxf3 dxe5 26.Rxd8 Qxd8 27.Rf1 Rf8 28.Qe2 Nd5 29.Rxf8+ Kxf8
30.Nxb5 Nxb4 31.h3 Qg5 32.Nc7 Ke7 33.Qb5 Qc1+ 34.Kh2 Qf4+ 35.Kh1 Qc1+ 36.Kh2 Nxc2
37.Qxe5 Ne3 38.Qxe6+ Kd8 39.Nd5 Nf1+  1/2-1/2

[Event "Caissa GM March 2011"]
[Site "Kecskemet HUN"]
[Date "2011.03.26"]
[Round "9.2"]
[White "Goh Weiming"]
[Black "Mihok,O"]
[Result "1-0"]
[WhiteElo "2382"]
[BlackElo "2462"]

1.e4 c5 2.Nf3 e6 3.d4 cxd4 4.Nxd4 Nc6 5.Nc3 Qc7 6.Be3 a6 7.Bd3 Nf6 8.O-O Ne5
9.h3 Bc5 10.Qe2 d6 11.f4 Ng6 12.Nb3 Bxe3+ 13.Qxe3 O-O 14.Rad1 b5 15.e5 dxe5
16.Bxg6 exf4 17.Bxf7+ Rxf7 18.Rxf4 e5 19.Rf2 Bb7 20.Nc5 Bc6 21.b4 Re7 22.Qg5 h6
23.Qg6 Be8 24.Qd3 Bc6 25.Rxf6 gxf6 26.Nd5 Qa7 27.Nxe7+ Qxe7 28.Qd6 Qxd6 29.Rxd6 Rc8
30.Rxf6 Kg7 31.Re6 Bd5 32.Rxa6 e4 33.Kf2 e3+ 34.Kxe3 Bxg2 35.h4 Bd5 36.a4 bxa4
37.Rxa4 Bc6 38.Ra6 Re8+ 39.Kd4 Rd8+ 40.Ke5  1-0

[Event "ch-Moscow S/F 2011"]
[Site "Moscow RUS"]
[Date "2011.03.26"]
[Round "8"]
[White "Apryshko,G"]
[Black "Ulko,J"]
[Result "1/2-1/2"]
[WhiteElo "2190"]
[BlackElo "2476"]

1.e4 c5 2.Nf3 e6 3.Nc3 Nc6 4.d4 cxd4 5.Nxd4 d6 6.Be3 Nf6 7.Bc4 Be7 8.Qe2 O-O
9.O-O-O a6 10.Bb3 Qe8 11.f4 b5 12.Rhf1 b4 13.Na4 Bb7 14.Nb6 Rd8 15.e5 dxe5
16.fxe5 Ne4 17.Nxc6 Bxc6 18.Rxd8 Qxd8 19.Rd1 Qc7 20.Qc4 Bg5 21.Bxg5 Qxb6
22.Bf4 g5 23.Bd2 Rd8 24.Qe2 Nxd2 25.Rxd2 Qg1+ 26.Qd1 Qxd1+ 27.Kxd1 Rxd2+
28.Kxd2 Bxg2 29.c3 bxc3+ 30.Kxc3 h5 31.Bd1 g4 32.b4 Bf1 33.Kd4 Kg7 34.a4 Kh6
35.Ke3 Kg5 36.Be2 Bg2 37.Bxa6 Kf5 38.b5 Kxe5 39.b6 Kd6 40.Kf4 e5+ 41.Kf5 Bf3
42.b7 Kc7 43.Kxe5 Bxb7 44.Bf1 h4 45.Kf4 Bc8 46.a5 f5 47.Kg5 h3 48.Kf4 Kb8
49.Be2 Ka7 50.Bd3 Kb7 51.Bb5 Kc7 52.Bf1 Kc6 53.Bd3 Kc5 54.Bf1 Bd7 55.Bd3 Be6
56.Be2 Bc8 57.Bf1 Kd5 58.a6 Kc5 59.a7 Bb7 60.Bd3 Kb6 61.Bxf5 Kxa7 62.Bxg4 Bg2  1/2-1/2

[Event "ch-Moscow S/F 2011"]
[Site "Moscow RUS"]
[Date "2011.03.27"]
[Round "9"]
[White "Eliseev,U"]
[Black "Aldokhin,I"]
[Result "1-0"]
[WhiteElo "2359"]
[BlackElo "2380"]

1.e4 c5 2.Nf3 e6 3.d4 cxd4 4.Nxd4 Nc6 5.Nc3 Qc7 6.Be3 a6 7.Qd2 Nf6 8.f3 Be7
9.O-O-O O-O 10.g4 b5 11.g5 Ne8 12.Nxc6 dxc6 13.f4 Nd6 14.Bd3 c5 15.e5 Nc4
16.Bxc4 bxc4 17.Qe1 Bb7 18.Rg1 Bf3 19.Rd2 Rab8 20.Kb1 Qb7 21.Qc1 Rfc8 22.f5 exf5
23.e6 fxe6 24.Bf4 Bd8 25.Bxb8 Rxb8 26.Ne2 Bc7 27.Ka1 Bxh2 28.Rgd1 Bxe2 29.Rxe2 Bf4
30.Qb1 c3 31.b3 e5 32.Rf1 Qb4 33.Rf3 Rd8 34.Ref2 Rd2 35.Rf1 g6 36.Qe1 Rxc2
37.Rxf4 Qa3 38.Qb1 Rb2 39.Ra4 Rxb1+ 40.Rxb1 Qb4 41.Rxb4 cxb4 42.Rd1 Kf7 43.Rd6 Ke7
44.Rxa6 e4 45.Kb1 e3 46.Ra7+ Ke6 47.Rxh7 f4 48.Kc2 Kf5 49.Kd3 Kg4 50.Rh6 Kxg5
51.Rh2 Kg4 52.a4 bxa3 53.b4 Kf3 54.b5 g5 55.b6 g4 56.b7 g3 57.Re2 c2 58.Rxc2 g2
59.b8=Q  1-0

[Event "Zonal 2.3 Caribbean 2011"]
[Site "Santiago de los Caballeros DOM"]
[Date "2011.03.27"]
[Round "13"]
[White "Cabralis,K"]
[Black "Munoz,Li"]
[Result "0-1"]
[WhiteElo "2203"]
[BlackElo "2401"]

1.e4 c5 2.Nf3 e6 3.Nc3 Nc6 4.d4 cxd4 5.Nxd4 Qc7 6.g3 a6 7.Bg2 d6 8.O-O Bd7
9.a4 Nxd4 10.Qxd4 Ne7 11.Be3 Nc6 12.Qd2 Ne5 13.b3 Rc8 14.Bf4 Nc6 15.Be3 Ne7
16.Na2 Qxc2 17.Qxd6 Nf5 18.Qf4 Bd6 19.Qf3 Nxe3 20.fxe3 O-O 21.Rad1 Qxa2 22.Rxd6 Bc6
23.Qd1 b5 24.Rf2 Qa3 25.Rc2 Qxb3 26.Qd2 Bb7 27.Rxc8 Bxc8 28.Rd8 Qa3 29.axb5 axb5
30.Bf1 Bb7 31.e5 Bc6 32.Rd6 Bd5 33.Qd4 Qc1 34.Qf4 b4 35.e4 Qc5+ 36.Qf2 Qxf2+
37.Kxf2 Bxe4 38.Rd4 Bd5 39.Rxb4 Ra8 40.Ke3 g6 41.Rb2 h5 42.Bd3 Ra4 43.Rf2 h4
44.Rf4 hxg3 45.hxg3 Ra1 46.Rf1 Ra4 47.Rf4 Ra5 48.Rb4 Kg7 49.Kd4 Ra1 50.Rb1 Ra2
51.Rg1 Ra5 52.g4 Ba8 53.Bc4 Ra4 54.g5 Bd5 55.Rc1 Kf8 56.Kc5 Bxc4 57.Rxc4 Ra1
58.Rg4 Rd1 59.Kc6 Ke7 60.Ra4 Rc1+ 61.Kb6 Rg1 62.Ra7+ Kf8 63.Kc6 Rxg5 64.Kd6 Rf5
65.Ra8+ Kg7 66.Ra1 g5 67.Re1 Kg6 68.Ke7 g4 69.Rg1 Kg5 70.Rh1 Kf4 71.Re1 g3
72.Rg1 Kg4  0-1

[Event "TCh-CAT Div Hon"]
[Site "Barcelona ESP"]
[Date "2011.04.02"]
[Round "10"]
[White "Barquero Pinar,D"]
[Black "Lluis Alabedra,A"]
[Result "1-0"]
[WhiteElo "2185"]
[BlackElo "2042"]

1.e4 c5 2.Nf3 e6 3.Nc3 Nc6 4.d4 cxd4 5.Nxd4 a6 6.Be3 Qc7 7.Qd2 Nf6 8.f3 b5
9.g4 d6 10.O-O-O Ne5 11.g5 Nfd7 12.f4 b4 13.Nd5 exd5 14.exd5 Ng6 15.Nc6 Bb7
16.Re1 Be7 17.h4 Bxc6 18.dxc6 Nb8 19.h5 Nf8 20.h6 g6 21.Qd4 Rg8 22.Qg7 Qxc6
23.Bh3 Nbd7 24.Qxg8 Rc8 25.Rh2 a5 26.Bd4 Qa4 27.Rhe2  1-0

[Event "TCh-NOR Attack-serien 2010-11"]
[Site "Oslo NOR"]
[Date "2011.04.02"]
[Round "8"]
[White "Bae,T"]
[Black "Sahl,Bj"]
[Result "1-0"]
[WhiteElo "2411"]
[BlackElo "2359"]

1.e4 c5 2.Nf3 e6 3.d4 cxd4 4.Nxd4 Nc6 5.Nc3 Qc7 6.Be3 Nf6 7.Qe2 a6 8.O-O-O d6
9.f3 Bd7 10.g4 Nxd4 11.Bxd4 Bc6 12.Qe3 b5 13.g5 Nd7 14.Nd5 Qb7 15.h4 e5 16.Bc3 a5
17.Bh3 b4 18.Be1 Be7 19.h5 Bxd5 20.Rxd5 h6 21.Bh4 hxg5 22.Bxg5 f6 23.Bh4 Rxh5
24.Bf2 f5 25.Kb1 Nf6 26.Rdd1 g6 27.exf5 gxf5 28.Bg2 Nd5 29.Qd3 Rxh1 30.Bxh1 Nf6
31.Bg2 a4 32.Qxf5 e4 33.fxe4 Nxe4 34.Qh3 Ra5 35.Re1 a3 36.Qh5+ Kd7 37.Bxe4  1-0

[Event "Final Four of College Chess"]
[Site "Washington D.C. USA"]
[Date "2011.04.02"]
[Round "2"]
[White "Kritz,L"]
[Black "Flores Rios,M"]
[Result "1-0"]
[WhiteElo "2624"]
[BlackElo "2502"]

1.e4 c5 2.Nf3 Nc6 3.Nc3 e6 4.d4 cxd4 5.Nxd4 Qc7 6.Be3 a6 7.Qd2 Nf6 8.O-O-O Be7
9.f3 O-O 10.g4 Rd8 11.g5 Nh5 12.Nb3 b5 13.Qf2 Rb8 14.f4 b4 15.Na4 d5 16.Be2 d4
17.Nxd4 Nxd4 18.Bxh5 b3 19.axb3 Nxb3+ 20.Kb1 Na5 21.Bc5 Rxd1+ 22.Rxd1 Bd7
23.Bxe7 Bxa4 24.Qc5 Qb7 25.Rd8+ Rxd8 26.Bxd8 Nc6 27.Bb6 Qd7 28.b3 Bb5 29.e5 Ne7
30.Ba5 Nd5 31.c4 Nxf4 32.cxb5 Nxh5 33.Qd6  1-0

[Event "TCh-NOR Attack-serien 2010-11"]
[Site "Oslo NOR"]
[Date "2011.04.03"]
[Round "9"]
[White "Moen,A"]
[Black "Laverton,C"]
[Result "1-0"]
[WhiteElo "2328"]
[BlackElo "2015"]

1.e4 c5 2.Nf3 e6 3.d4 cxd4 4.Nxd4 Nc6 5.Nc3 Qc7 6.Be3 a6 7.Qd2 Nf6 8.f3 Bb4
9.O-O-O Ne5 10.Nb3 b5 11.Kb1 Nc4 12.Bxc4 bxc4 13.Nd4 Rb8 14.Ka1 O-O 15.g4 Qb7
16.Rb1 d6 17.h4 e5 18.Nf5 Bxf5 19.gxf5 d5 20.Bg5 Nxe4 21.fxe4 d4 22.Bf6 gxf6
23.Rhg1+ Kh8 24.Qh6  1-0

[Event "JT Mangini Mem"]
[Site "Rio de Janeiro BRA"]
[Date "2011.04.06"]
[Round "7.2"]
[White "Abdalla,L"]
[Black "Chauca,J"]
[Result "1/2-1/2"]
[WhiteElo "2322"]
[BlackElo "2072"]

1.e4 c5 2.Nf3 e6 3.d4 cxd4 4.Nxd4 Nc6 5.Nc3 Qc7 6.Be2 a6 7.O-O Nf6 8.Be3 d6
9.f4 Be7 10.Bf3 O-O 11.g4 Nxd4 12.Bxd4 e5 13.g5 exd4 14.gxf6 dxc3 15.fxe7 Qxe7
16.bxc3 Bd7 17.Qd4 Bc6 18.Rad1  1/2-1/2

[Event "JT Mangini Mem"]
[Site "Rio de Janeiro BRA"]
[Date "2011.04.06"]
[Round "7.3"]
[White "Della Morte,G"]
[Black "Di Berardino,D"]
[Result "1-0"]
[WhiteElo "2351"]
[BlackElo "2480"]

1.e4 c5 2.Nc3 e6 3.Nf3 Nc6 4.d4 cxd4 5.Nxd4 a6 6.Nxc6 bxc6 7.Bd3 d5 8.O-O Nf6
9.Re1 Be7 10.e5 Nd7 11.Qg4 g6 12.Na4 O-O 13.Bh6 Re8 14.c4 Bb7 15.Rac1 Qa5
16.b3 dxc4 17.Bxc4 Nxe5 18.Qd4 Bf6 19.Qf4 Bh8 20.Bf1 Nd7 21.Red1 Rad8 22.Bg5 f6
23.Bh6 Ne5 24.Qg3 Rd5 25.Be3 Qd8 26.Be2 Qe7 27.Bc5 Qf7 28.Nb6 Rdd8 29.Rxd8 Rxd8
30.f4 Nd7 31.Rd1 a5 32.f5 Kg7 33.fxg6 hxg6 34.Qc7 Nxc5 35.Qxf7+ Kxf7 36.Rxd8 Bg7
37.Na4 Nxa4 38.bxa4  1-0

[Event "11th European Senior"]
[Site "Courmayeur ITA"]
[Date "2011.04.07"]
[Round "2.13"]
[White "Thieme,H"]
[Black "Rooze,J"]
[Result "0-1"]
[WhiteElo "2101"]
[BlackElo "2315"]

1.e4 c5 2.Nf3 e6 3.d4 cxd4 4.Nxd4 Nc6 5.Nc3 Qc7 6.g4 a6 7.g5 Bc5 8.Be3 d6
9.Qd2 Nge7 10.O-O-O O-O 11.f4 b5 12.h4 Bb7 13.Bg2 Na5 14.Bg1 Nc4 15.Qd3 Rac8
16.h5 e5 17.Nde2 b4 18.Nd5 Bxd5 19.exd5 f5 20.gxf6 Rxf6 21.Bh3 Rcf8 22.Be6+ Kh8
23.b3 Na3 24.Bxc5 Qxc5 25.fxe5 dxe5 26.Qe4 h6 27.Rhg1 Nc8 28.Rd2 Rf1+ 29.Rd1 Rxd1+
30.Kxd1 Nd6 31.Qg6 Qc7 32.c4 bxc3 33.Nxc3 e4 34.Qg3 Rf3 35.Qh4 Rxc3 36.Rg6 Rd3+  0-1

[Event "10th Weiz City Open"]
[Site "Weiz AUT"]
[Date "2011.04.07"]
[Round "1"]
[White "Trkulja,Z"]
[Black "Veigl,W"]
[Result "1-0"]
[WhiteElo "2217"]
[BlackElo "2057"]

1.e4 c5 2.Nf3 e6 3.d4 cxd4 4.Nxd4 Nc6 5.Nc3 a6 6.Nxc6 bxc6 7.Bd3 d5 8.O-O d4
9.Ne2 e5 10.f4 Bd6 11.Ng3 Nf6 12.Nh5 Nxh5 13.Qxh5 g6 14.Qf3 Ra7 15.f5 Qh4
16.g3 Qe7 17.Bd2 c5 18.c3 O-O 19.Rae1 a5 20.cxd4 cxd4 21.Bh6 Re8 22.Qg4 Ba6
23.Bxa6 Rxa6 24.f6 Qe6 25.Qh4 Qxa2 26.Bg7 Qb3 27.Rf5 Qb4 28.Ref1 Bf8 29.Rh5 gxh5
30.Qg5  1-0

[Event "11th European Senior"]
[Site "Courmayeur ITA"]
[Date "2011.04.08"]
[Round "3.3"]
[White "Serra Olives,T"]
[Black "Kupreichik,V"]
[Result "1/2-1/2"]
[WhiteElo "2208"]
[BlackElo "2431"]

1.e4 c5 2.Nf3 Nc6 3.d4 cxd4 4.Nxd4 e6 5.Nc3 Qc7 6.Nxc6 dxc6 7.Bd3 Bd6 8.Qg4 Be5
9.f4 Nf6 10.Qf3 Bxc3+ 11.bxc3 Qa5 12.Bd2 Qc5 13.c4 O-O 14.e5 Nd7 15.Be3 Qa5+
16.Bd2 Qc7 17.O-O Nc5 18.Bb4 b6  1/2-1/2

[Event "JT Mangini Mem"]
[Site "Rio de Janeiro BRA"]
[Date "2011.04.08"]
[Round "9.2"]
[White "Della Morte,G"]
[Black "De Carvalho,J"]
[Result "1-0"]
[WhiteElo "2351"]
[BlackElo "2208"]

1.e4 c5 2.Nf3 Nc6 3.Nc3 e6 4.d4 cxd4 5.Nxd4 Nf6 6.Ndb5 d6 7.Bf4 e5 8.Bg5 a6
9.Na3 b5 10.Bxf6 gxf6 11.Nd5 f5 12.Bd3 Be6 13.O-O Bg7 14.Qh5 f4 15.c4 Nd4
16.cxb5 O-O 17.Nc3 Rb8 18.Nc2 Nxb5 19.Nd5 Nc7 20.Ncb4 Rb7 21.Nxc7 Qxc7 22.Nxa6 Qa5
23.Qe2 f3 24.gxf3 Bh3 25.Rfd1 Bh6 26.Kh1 Bf4 27.a3 Kh8 28.Rg1 Qd8 29.Rg3 Qh4
30.Nb4 Rg8 31.Nd5 Rbb8 32.a4 Be6 33.Ne3 Bxg3 34.fxg3 Rxg3 35.Qe1 Rbg8 36.Ng4 Rh3
37.Qxh4 Rxh4 38.a5 f5 39.Ne3 Rh3 40.exf5 Rxf3 41.fxe6 Rxe3 42.Bc4 Re4 43.Bd5 Rd4
44.Bc6 Rc4 45.Bd7 d5 46.e7 Rcc8 47.a6 Ra8 48.a7 Kg7 49.e8=Q Rgxe8 50.Bxe8  1-0

[Event "13th Dubai Open"]
[Site "Dubai UAE"]
[Date "2011.04.10"]
[Round "1"]
[White "El Jawich,A"]
[Black "Kotanjian,T"]
[Result "0-1"]
[WhiteElo "2109"]
[BlackElo "2527"]

1.e4 c5 2.Nc3 e6 3.Nf3 Nc6 4.d4 cxd4 5.Nxd4 d6 6.Nxc6 bxc6 7.Bd3 Be7 8.O-O Nf6
9.b3 O-O 10.Bb2 Nd7 11.f4 Nc5 12.Ne2 d5 13.Ng3 f6 14.exd5 Nxd3 15.Qxd3 cxd5
16.Kh1 Re8 17.Rfe1 Bb4 18.Bc3 Bd6 19.Nh5 Kh8 20.Re3 e5 21.fxe5 Bxe5 22.Rae1 d4
23.Bxd4 Bf5 24.Qxf5 Qxd4 25.c3 Qd2 26.R1e2 Qd6 27.Nf4 Rec8 28.Nd3 Bxc3 29.Qxc8+ Rxc8
30.Re8+ Qf8 31.Rxf8+ Rxf8 32.Rc2 Bd4 33.g3 g5 34.Nb4 Re8 35.Nc6 Re1+ 36.Kg2 Be5
37.h3 h5 38.a4 Re3 39.b4 Bc7 40.g4 Rg3+ 41.Kf1 Rxh3 42.gxh5 g4 43.Rc4 Rh1+
44.Kg2 Rh2+ 45.Kg1 g3 46.Nd4 Bf4 47.Nf5 Be5 48.Rc8+ Kh7 49.Rd8 Rxh5 50.Rd7+ Kg6
51.Ne7+ Kg5 52.Nc6 Bf4 53.Nxa7 Be3+ 54.Kg2 Kf4 55.Rg7 Rh2+ 56.Kf1  0-1

[Event "13th Dubai Open"]
[Site "Dubai UAE"]
[Date "2011.04.11"]
[Round "2"]
[White "Prathamesh,S"]
[Black "Negi,P"]
[Result "0-1"]
[WhiteElo "2405"]
[BlackElo "2618"]

1.e4 c5 2.Nf3 e6 3.d4 cxd4 4.Nxd4 Nc6 5.Nc3 Qc7 6.Be2 a6 7.O-O Nf6 8.Be3 Be7
9.f4 d6 10.Kh1 O-O 11.a4 Re8 12.Bf3 Rb8 13.Qe1 e5 14.Nde2 exf4 15.Nxf4 Be6
16.Be2 Bf8 17.Qg3 Kh8 18.Rad1 Qa5 19.Nfd5 Bxd5 20.exd5 Ne5 21.Rd4 Rbc8 22.Bg5 Ng8
23.Qh3 Qb6 24.Rh4 h6 25.Bc1 Ng6 26.Rc4 Rxc4 27.Bxc4 Ne5 28.Be2 Qc7 29.Be3 g6
30.Bd4 Bg7 31.Bd3 Qe7 32.Qg3 Nf6 33.Qh4 Nxd3 34.cxd3 Ng8 35.Qxe7 Nxe7 36.Bxg7+ Kxg7
37.g3 f5 38.Rf4 Rc8 39.g4 Kf6 40.gxf5 gxf5 41.Rh4 Kg5 42.Rb4 Rc7 43.Kg2 Ng6
44.Kf3 Ne5+ 45.Ke2 Re7 46.h4+ Kh5 47.Kf1 Nxd3 48.Rd4 Nxb2 49.Ne2 Kg6 50.Nf4+ Kf6
51.Rb4 Nd1 52.Rb6 Re4 53.Ng2 Ke5 54.Rxb7 f4 55.a5 Kxd5 56.Ne1 Ne3+ 57.Kf2 Ng4+
58.Kf1 Nh2+ 59.Kf2 Ng4+ 60.Kf1 Ra4 61.Rg7 Ne5 62.Rh7 Ra1 63.Ke2 Ra2+ 64.Kf1 f3
65.Rxh6 f2  0-1

[Event "TCh-RUS Premier"]
[Site "Olginka RUS"]
[Date "2011.04.13"]
[Round "2"]
[White "Kalugin,Sergey"]
[Black "Khairullin,I"]
[Result "0-1"]
[WhiteElo "2390"]
[BlackElo "2634"]

1.e4 c5 2.Nf3 e6 3.d4 cxd4 4.Nxd4 Nc6 5.Nc3 Qc7 6.g3 a6 7.Bg2 d6 8.O-O Bd7
9.Nce2 Nf6 10.c4 Nxd4 11.Qxd4 e5 12.Qd3 Rc8 13.b3 b5 14.cxb5 Bxb5 15.Qe3 Be7
16.Bb2 O-O 17.Rfc1 Qb7 18.Nc3 Bd7 19.h3 Rc6 20.Qd3 Rfc8 21.Nd1 h5 22.Ne3 Rxc1+
23.Rxc1 Rxc1+ 24.Bxc1 Qc8 25.Ba3 Bxh3 26.Bxd6 Bxg2 27.Kxg2 Qd7 28.Nf5 Bf8
29.Qxa6 Nxe4 30.Bxf8 Qxf5 31.f3 Ng5 32.Qa8 Qc2+ 33.Kf1 Qd1+ 34.Kf2 Qd2+ 35.Kf1 Qd1+
36.Kf2 Kh7 37.Be7 f6 38.Qb7 e4 39.fxe4 Qf3+ 40.Ke1 Nxe4 41.Qd7 Qf2+ 42.Kd1 Nc3+
43.Kc1 Nxa2+ 44.Kb1 Nc3+ 45.Kc1 Ne2+ 46.Kb2 Nd4+ 47.Ka3 Qe3 48.Qb7 Nxb3 49.Qxb3 Qxe7+
50.Kb2 Qe5+  0-1

[Event "ch-SRB w 2011"]
[Site "Belgrade SRB"]
[Date "2011.04.14"]
[Round "4"]
[White "Panic,A"]
[Black "Manakova,M"]
[Result "0-1"]
[WhiteElo "1894"]
[BlackElo "2336"]

1.e4 c5 2.Nf3 e6 3.d4 cxd4 4.Nxd4 Nc6 5.Nc3 Qc7 6.Be3 a6 7.Qd2 Nf6 8.f3 b5
9.O-O-O Bb4 10.a3 Be7 11.Nxc6 dxc6 12.g4 O-O 13.Qf2 c5 14.h4 b4 15.axb4 cxb4
16.Nb1 a5 17.b3 a4 18.bxa4 Rxa4 19.Rd3 Ra2 20.Rb3 Nd7 21.Bd3 Nc5 22.Bxc5 Bxc5
23.Qe2 e5 24.Bc4 Bd7 25.Rxb4 Ra1 26.Rb3 Ba4 27.Kb2 Bxb3 28.cxb3 Qa5  0-1

[Event "TCh-CZE 2010-11"]
[Site "Czech Rep CZE"]
[Date "2011.04.16"]
[Round "10.3"]
[White "Plat,V"]
[Black "Jansa,Vl"]
[Result "0-1"]
[WhiteElo "2422"]
[BlackElo "2499"]

1.e4 c5 2.Nf3 e6 3.d4 cxd4 4.Nxd4 Nc6 5.Nc3 a6 6.Be3 Nf6 7.Nxc6 bxc6 8.e5 Nd5
9.Nxd5 cxd5 10.c3 a5 11.Bd3 Ba6 12.Bxa6 Rxa6 13.O-O Qc7 14.f4 Bc5 15.Bxc5 Qxc5+
16.Kh1 O-O 17.f5 Qe3 18.f6 Qxe5 19.Qd3 Rc6 20.Rae1 Qh5 21.fxg7 Rb8 22.Rf6 Rxb2
23.Qg3 Rcb6 24.Qc7 Rb1 25.Ref1 Rxf1+ 26.Rxf1 Qf5 27.Rg1 Rb2 28.Qxa5 Kxg7
29.Qa7 Qf2 30.Qxd7 Rxa2 31.Qe7 h6 32.Qb4 Qf6 33.Qb3 Rf2 34.c4 Rf1 35.Qg3+ Kh8
36.c5 Rxg1+ 37.Kxg1 Qa1+ 38.Kf2 Qb2+ 39.Kf3 Qc3+ 40.Kg4 Qxc5  0-1